Mlieko opäť do škôl

Bibliographic Details
Main Author: Blahovec, Pavol (Author)
Format: Article
Language:Slovak
ISSN:1335-1796
Subjects:

MARC

LEADER 00000nab a2200000 a 4500
001 vtls000706816
003 SK-MaSNL
005 20260303225838.0
008 180206c1999 xo 0 slo
015 |a SNBRB1999/10-25840 
035 |a CLN000058983 
040 |a SNKBUCL  |b slo  |c SNKBUCL  |e AACR2 
041 0 |a slo 
044 |a xo  |c SK 
080 |a 371.7:613.287  |2 UDC-MRF-SK2 
080 |a 613.287  |2 UDC-MRF-SK2 
100 1 |a Blahovec, Pavol  |4 aut  |9 852397 
245 1 0 |a Mlieko opäť do škôl  |c Pavol Blahovec 
650 0 7 |a mliečne výrobky  |2 snkbucl  |9 3940 
650 0 7 |a programy mliečne školské  |2 snkbucl  |9 1263230 
650 0 7 |a mlieko  |2 snkbucl  |9 3942 
650 0 7 |a školstvo  |2 snkbucl  |9 19712 
655 7 |a články z novín a časopisov  |2 snkbucl  |9 267496 
773 0 |x 1335-1796  |t Škola  |g Č. 4 (1999), s. 30-32 
850 |a Slovenská národná knižnica v Martine 
852 |a SNK  |b KIS3GCP 
958 |a RBX 
999 |c 2258821  |d 2260751